00861nab a2200241 uc450000100070000000500170000700800410002403500110006503500210007604000130009704100080011010000410011824501210015965000230028065000410030365000250034465000400036965000360040965000320044577301130047794200100059099900190060058478920240704085718.0000318e19990701 spa  a584789 a(OCoLC)819824216 ccomduadb aspa10aEngelking, Stephan4auteaut950676310aAplicacion de compresores semihermeticos refrigerados por gas aspirado y refrigerados por aire aspirado directamente aCompresores965589 7aFricción (Mecánica)2lemb932253 aRefrigerantes913983 aImpacto ambiental - España941885 7aConsumo de energía2lemb9162 aPotencia eléctrica9478490 tFrio, Calor, Aire Acondicionado (Madrid)gNo. 306, Jul.-Ago. 1999, p. 19, 22-23, 26w95781x0210-0665092498 cARIMP c143024d143024